Top Gear's 10/10 Cars - Statistics

General Stats
  • This quiz has been taken 6 times
  • The average score is 4 of 15
Answer Stats
Hint Answer % Correct
14 Ferrari 458
67%
11 McLaren P1
67%
2 Bugatti Chiron
50%
10 Citroen DS
17%
5 Audi Quattro
17%
9 Eagle Lightweight GT
17%
12 Ferrari LaFerrari
17%
13 McLaren 675LT
17%
6 Mercedes-Benz Patent Motorwagen
17%
7 Porsche 918 Spyder
17%
3 Porsche Singer DLS
17%
4 Toyota GR Yaris
17%
8 Ferrari 250 SWB GTO
17%
1 Ferrari 296 GTB
17%
15 Porsche Cayman GT4 RS
17%
No matching quizzes found
Score Distribution
Percent of People with Each Score
Percentile by Number Answered
Your Score History
You have not taken this quiz